International marketing (Record no. 617405)

MARC details
000 -LEADER
fixed length control field 00775nam a2200277Ia 4500
003 - CONTROL NUMBER IDENTIFIER
control field OSt
005 - DATE AND TIME OF LATEST TRANSACTION
control field 20220926010513.0
008 - FIXED-LENGTH DATA ELEMENTS--GENERAL INFORMATION
fixed length control field 220923b |||||||| |||| 00| 0 eng d
020 ## - INTERNATIONAL STANDARD BOOK NUMBER
International Standard Book Number 9788126557509
037 ## - SOURCE OF ACQUISITION
Terms of availability General Book
040 ## - CATALOGING SOURCE
Original cataloging agency RTL
Transcribing agency RTL
Language of cataloging eng
041 ## - LANGUAGE CODE
Source of code eng
Language code of text/sound track or separate title eng
100 ## - MAIN ENTRY--PERSONAL NAME
Personal name KOTABE Masaaki
245 #0 - TITLE STATEMENT
Title International marketing
250 ## - EDITION STATEMENT
Edition statement 6th
260 ## - PUBLICATION, DISTRIBUTION, ETC.
Place of publication, distribution, etc. New Delhi
Name of publisher, distributor, etc. Wiley India
Date of publication, distribution, etc. 2015
300 ## - PHYSICAL DESCRIPTION
Extent xxiv,595p
Dimensions cm.
490 ## - SERIES STATEMENT
Series statement Elsevier Asian Studies Series
500 ## - GENERAL NOTE
General note Bibliography chapterwise
700 ## - ADDED ENTRY--PERSONAL NAME
Personal name HELSEN Kristiaan
9 (RLIN) 270478
942 ## - ADDED ENTRY ELEMENTS (KOHA)
Classification part X:51-8.1.P, Q5
Koha item type General Books
Source of classification or shelving scheme Colon Classification (CC)
Holdings
Withdrawn status Lost status Damaged status Not for loan Home library Current library Date acquired Total Checkouts Full call number Barcode Date last seen Price effective from Koha item type
        Ratan Tata Library Ratan Tata Library 2022-09-26   X:51-8.1.P Q5 RT1584054 2022-09-26 2022-09-26 General Books
Copyright @ Delhi University Library System